[Event "HUN-chT2 Asztalos 1819"]
[Site "Hungary"]
[Date "2019.04.28"]
[Round "9.2"]
[White "Kiss, Lajos"]
[Black "Szabo, Levente"]
[Result "1-0"]
[WhiteElo "2220"]
[BlackElo "1977"]
[PlyCount "51"]
[EventDate "2018.10.28"]
[EventType "team-tourn"]
[EventRounds "9"]
[EventCountry "HUN"]
[SourceTitle "EXT 2021"]
[Source "ChessBase"]
[SourceDate "2020.10.23"]
[SourceVersion "1"]
[SourceVersionDate "2020.10.23"]
[SourceQuality "1"]
[WhiteTeam "Decs 1990"]
[BlackTeam "Sarosd"]
[WhiteTeamCountry "HUN"]
[BlackTeamCountry "HUN"]

1. d4 d5 2. Nc3 Nf6 3. Bg5 e6 4. e4 dxe4 5. Nxe4 Be7 6. Bxf6 Bxf6 7. c3 c6 8. f4 Nd7 9. Nd6+ Ke7 10. Nc4 Re8 11. Ne5 g6 12. Ngf3 Kf8 13. Bd3 c5 14. Qd2 Qa5 15. Nc4 Qc7 16. 0-0 Bg7 17. g4 Nf6 18. Nce5 Nd5 19. Ng5 f5 20. Nxh7+ Kg8 21. Ng5 Bxe5 22. fxe5 Kg7 23. gxf5 exf5 24. Rae1 Qe7 25. Qg2 f4 26. Bc4 1-0

[Event "HUN-chT2 Asztalos 1819"]
[Site "Hungary"]
[Date "2019.01.27"]
[Round "4.2"]
[White "Miovecz, Janos"]
[Black "Kiss, Lajos"]
[Result "0-1"]
[WhiteElo "2089"]
[BlackElo "2220"]
[PlyCount "130"]
[EventDate "2018.10.28"]
[EventType "team-tourn"]
[EventRounds "9"]
[EventCountry "HUN"]
[SourceTitle "CBM 189 Extra"]
[Source "ChessBase"]
[SourceDate "2019.06.03"]
[SourceVersion "1"]
[SourceVersionDate "2019.06.03"]
[SourceQuality "1"]
[WhiteTeam "Kaposvar Bastya"]
[BlackTeam "Decs 1990"]
[WhiteTeamCountry "HUN"]
[BlackTeamCountry "HUN"]

1. e4 e6 2. d4 d5 3. e5 c5 4. c3 Nc6 5. Nf3 Bd7 6. Bd3 cxd4 7. cxd4 Qb6 8. Bc2 Nb4 9. 0-0 Nxc2 10. Qxc2 Rc8 11. Qb3 Qxb3 12. axb3 Bb5 13. Re1 Bd3 14. Nc3 a6 15. Be3 Ne7 16. Rec1 Nc6 17. Ne1 Bf5 18. Na4 Be7 19. Nc5 Bxc5 20. Rxc5 Kd7 21. Rac1 f6 22. exf6 gxf6 23. f4 Be4 24. Kf2 Rhg8 25. g3 h5 26. R5c3 h4 27. Nf3 hxg3+ 28. hxg3 Bxf3 29. Kxf3 f5 30. Rh1 Rg7 31. Rh6 Rcg8 32. Bf2 Ne7 33. Rc1 Nc8 34. Re1 Rg6 35. Rxg6 Rxg6 36. Rh1 Nd6 37. Rh8 Ne4 38. Be1 Kc6 39. Rh7 b6 40. Re7 Kb5 41. Re8 a5 42. Rb8 Rh6 43. Kg2 Nf6 44. Bf2 Ng4 45. Bg1 Rh7 46. Rc8 Re7 47. Bf2 Rh7 48. Bg1 Re7 49. Bf2 a4 50. bxa4+ Kxa4 51. Rc6 b5 52. Rc3 b4 53. Rc6 Nxf2 54. Kxf2 Kb3 55. Rb6 Rc7 56. g4 fxg4 57. Rxe6 Kxb2 58. Kg3 b3 59. f5 Kc2 60. Kxg4 b2 61. Rb6 b1Q 62. Rxb1 Kxb1 63. Kf4 Re7 64. f6 Re4+ 65. Kf5 Rxd4 0-1

[Event "HUN-chT2 Asztalos 1819"]
[Site "Hungary"]
[Date "2018.12.02"]
[Round "3.2"]
[White "Kiss, Lajos"]
[Black "Horvath, Jozsef2222"]
[Result "0-1"]
[WhiteElo "2220"]
[BlackElo "2067"]
[PlyCount "20"]
[EventDate "2018.10.28"]
[EventType "team-tourn"]
[EventRounds "9"]
[EventCountry "HUN"]
[SourceTitle "CBM 189 Extra"]
[Source "ChessBase"]
[SourceDate "2019.06.03"]
[SourceVersion "1"]
[SourceVersionDate "2019.06.03"]
[SourceQuality "1"]
[WhiteTeam "Decs 1990"]
[BlackTeam "Kiraly Sakk"]
[WhiteTeamCountry "HUN"]
[BlackTeamCountry "HUN"]

1. d4 f5 2. Nc3 Nf6 3. Bg5 e6 4. e4 fxe4 5. Nxe4 Be7 6. Nxf6+ Bxf6 7. Bxf6 Qxf6 8. Nf3 b6 9. g3 Bb7 10. Bg2 0-0 0-1

[Event "HUN-chT2 Asztalos 1718"]
[Site "Hungary"]
[Date "2018.03.04"]
[Round "7.2"]
[White "Kiss, Lajos"]
[Black "Hrubos, Viktor"]
[Result "1-0"]
[WhiteElo "2209"]
[BlackElo "1902"]
[PlyCount "79"]
[EventDate "2017.10.29"]
[EventType "team-tourn"]
[EventRounds "9"]
[EventCountry "HUN"]
[SourceTitle "EXT 2021"]
[Source "ChessBase"]
[SourceDate "2020.10.23"]
[SourceVersion "1"]
[SourceVersionDate "2020.10.23"]
[SourceQuality "1"]
[WhiteTeam "Decs 1990"]
[BlackTeam "Pecs Karmin"]
[WhiteTeamCountry "HUN"]
[BlackTeamCountry "HUN"]

1. d4 Nf6 2. Nc3 d5 3. Bg5 Nbd7 4. Nf3 c6 5. e3 Qa5 6. Bd3 Ne4 7. 0-0 Nxc3 8. bxc3 Qxc3 9. e4 Qa5 10. exd5 cxd5 11. c4 dxc4 12. Bxc4 e6 13. Qb3 Qb4 14. Qd3 Qe7 15. Rab1 Qd6 16. Bd2 a5 17. Rb5 b6 18. Qe4 Qb8 19. d5 Nf6 20. Qb1 Qc7 21. Rc1 Bc5 22. Be3 exd5 23. Bxd5 Nxd5 24. Bxc5 bxc5 25. Rcxc5 Qa7 26. Rxd5 0-0 27. Ng5 f5 28. Qb3 Kh8 29. Qh3 g6 30. Rbc5 Qe7 31. Qc3+ Qg7 32. Qxg7+ Kxg7 33. Rc7+ Kg8 34. Re5 Rb8 35. h4 Rb7 36. Rxb7 Bxb7 37. Rxa5 h6 38. Ne6 Rf6 39. Nc5 Bd5 40. Nd7 1-0

[Event "HUN-chT2 Charousek 1516"]
[Site "Hungary"]
[Date "2016.04.17"]
[Round "9.6"]
[White "Kiss, Lajos"]
[Black "Teglas, Balazs"]
[Result "1/2-1/2"]
[WhiteElo "2189"]
[BlackElo "2188"]
[PlyCount "46"]
[EventDate "2015.10.18"]
[EventType "team-tourn"]
[EventRounds "9"]
[EventCountry "HUN"]
[SourceTitle "EXT 2017"]
[Source "ChessBase"]
[SourceDate "2016.10.25"]
[SourceVersion "1"]
[SourceVersionDate "2016.10.25"]
[SourceQuality "1"]
[WhiteTeam "Decs 1990"]
[BlackTeam "Hobagoly"]
[WhiteTeamCountry "HUN"]
[BlackTeamCountry "HUN"]

1. d4 Nf6 2. Nc3 d6 3. e4 e5 4. Nf3 Nbd7 5. Bc4 Be7 6. 0-0 c6 7. Qe2 Qc7 8. dxe5 dxe5 9. Ng5 Rf8 10. a4 h6 11. Nf3 Nc5 12. b4 Ne6 13. b5 Nd4 14. Nxd4 exd4 15. Nd1 Be6 16. a5 cxb5 17. Bxb5+ Bd7 18. Bb2 0-0-0 19. Ra4 Qe5 20. Qc4+ Kb8 21. Bxd7 Rxd7 22. Bxd4 Qxe4 23. Nc3 Qc6 1/2-1/2

[Event "HUN-chT2 Asztalos 1516"]
[Site "Hungary"]
[Date "2015.10.04"]
[Round "2.1"]
[White "Kiss, Lajos"]
[Black "Konig, Balazs"]
[Result "1/2-1/2"]
[WhiteElo "2199"]
[BlackElo "2148"]
[PlyCount "32"]
[EventDate "2015.09.13"]
[EventType "team-tourn"]
[EventRounds "11"]
[EventCountry "HUN"]
[SourceTitle "CBM 170 Extra"]
[Source "ChessBase"]
[SourceDate "2016.02.25"]
[SourceVersion "1"]
[SourceVersionDate "2016.02.25"]
[SourceQuality "1"]
[WhiteTeam "Decs 1990 II"]
[BlackTeam "Komlo Banyasz"]
[WhiteTeamCountry "HUN"]
[BlackTeamCountry "HUN"]

1. d4 d5 2. Nc3 Nf6 3. Bg5 Nbd7 4. Nf3 c6 5. e3 Qa5 6. Nd2 e6 7. Bd3 Bb4 8. Ne2 0-0 9. c3 Bd6 10. f4 c5 11. 0-0 Ng4 12. Rf3 f5 13. h3 Ngf6 14. Nf1 c4 15. Bc2 Ne4 16. Bh4 Ndf6 1/2-1/2

[Event "HUN-chT 1314"]
[Site "Hungary"]
[Date "2014.02.16"]
[Round "5"]
[White "Groszpeter, Attila"]
[Black "Kiss, Lajos"]
[Result "1/2-1/2"]
[WhiteElo "2461"]
[BlackElo "2194"]
[PlyCount "101"]
[EventDate "2013.09.08"]
[EventType "team-tourn"]
[EventRounds "9"]
[EventCountry "HUN"]
[SourceTitle "EXT 2015"]
[Source "ChessBase"]
[SourceDate "2014.11.20"]
[SourceVersion "1"]
[SourceVersionDate "2014.11.20"]
[SourceQuality "1"]
[WhiteTeam "Paks"]
[BlackTeam "Decs"]
[WhiteTeamCountry "HUN"]
[BlackTeamCountry "HUN"]

1. e4 e6 2. d4 d5 3. Nc3 Bb4 4. e5 c5 5. a3 Bxc3+ 6. bxc3 Ne7 7. Qg4 Qc7 8. Qxg7 Rg8 9. Qxh7 cxd4 10. Ne2 Nbc6 11. f4 Bd7 12. Qd3 dxc3 13. Nxc3 a6 14. Bb2 Na5 15. Qd2 Nf5 16. Bd3 Nc4 17. Bxc4 Qxc4 18. 0-0-0 Rc8 19. Rhe1 Bc6 20. g3 d4 21. Qe2 Bf3 22. Qxc4 Rxc4 23. Ne2 Rh8 24. Rd3 Be4 25. Rd2 Rxh2 26. g4 Nh4 27. Nxd4 Rxd2 28. Kxd2 Nf3+ 29. Nxf3 Bxf3 30. Rg1 Be4 31. Bc3 Bd5 32. f5 exf5 33. gxf5 Rf4 34. Rg5 Rf3 35. Bb4 Kd7 36. Ke2 Rf4 37. Bc3 Be4 38. e6+ fxe6 39. f6 Bd5 40. Rg7+ Ke8 41. Re7+ Kf8 42. Rc7 a5 43. Kd2 Rf5 44. a4 Bc6 45. Bb2 Rd5+ 46. Kc1 Rd7 47. Rc8+ Kf7 48. Ra8 Rd5 49. Bc3 e5 50. Rxa5 Rxa5 51. Bxa5 1/2-1/2

[Event "HUN-chT2 Asztalos 1213"]
[Site "Hungary"]
[Date "2012.10.07"]
[Round "2.1"]
[White "Kiss, Lajos"]
[Black "Katona, Ferenc"]
[Result "0-1"]
[WhiteElo "2197"]
[BlackElo "2255"]
[PlyCount "66"]
[EventDate "2012.09.16"]
[EventType "team-tourn"]
[EventRounds "9"]
[EventCountry "HUN"]
[SourceTitle "EXT 2014"]
[Source "ChessBase"]
[SourceDate "2013.11.20"]
[SourceVersion "1"]
[SourceVersionDate "2013.11.20"]
[SourceQuality "1"]
[WhiteTeam "Decs II"]
[BlackTeam "Dunaujvaros"]
[WhiteTeamCountry "HUN"]
[BlackTeamCountry "HUN"]

1. d4 d5 2. Nc3 f5 3. e4 dxe4 4. Bf4 Nf6 5. f3 e6 6. fxe4 fxe4 7. Bc4 Bd6 8. Nh3 Nc6 9. Be3 e5 10. d5 Ne7 11. Bg5 0-0 12. Qe2 Bg4 13. Qd2 Bxh3 14. gxh3 Qd7 15. 0-0-0 Qxh3 16. Rhg1 Ng6 17. Rg3 Qd7 18. Bxf6 Rxf6 19. Nxe4 Rf4 20. Bd3 Raf8 21. Ng5 R8f6 22. Rdg1 Bc5 23. Nxh7 Kxh7 24. Rxg6 Rxg6 25. Rxg6 Kg8 26. Qg2 Qf7 27. Rg3 e4 28. Bc4 e3 29. b3 Ba3+ 30. Kb1 Qf6 31. c3 Qxc3 32. Rxg7+ Qxg7 33. d6+ Rxc4 0-1

[Event "HUN-chT2 Asztalos 1112"]
[Site "Hungary"]
[Date "2012.05.06"]
[Round "10.2"]
[White "Kiss, Lajos"]
[Black "Csernyiczky, Laszlo"]
[Result "1-0"]
[WhiteElo "2171"]
[BlackElo "2074"]
[PlyCount "67"]
[EventDate "2011.09.25"]
[EventType "team-tourn"]
[EventRounds "11"]
[EventCountry "HUN"]
[SourceTitle "EXT 2013"]
[Source "ChessBase"]
[SourceDate "2012.11.22"]
[SourceVersion "1"]
[SourceVersionDate "2012.11.22"]
[SourceQuality "1"]
[WhiteTeam "Dombovar"]
[BlackTeam "Dunaujvaros"]
[WhiteTeamCountry "HUN"]
[BlackTeamCountry "HUN"]

1. d4 b6 2. e4 Bb7 3. Bd3 e6 4. Nf3 Nf6 5. Nbd2 c5 6. c3 d6 7. 0-0 Nbd7 8. Re1 Qc7 9. Qe2 Be7 10. Nf1 c4 11. Bc2 d5 12. e5 Ne4 13. Bxe4 dxe4 14. N3d2 b5 15. Nxe4 0-0-0 16. a4 a6 17. axb5 axb5 18. b3 Qc6 19. f3 Nb6 20. Ba3 Bxa3 21. Rxa3 b4 22. cxb4 Rxd4 23. bxc4 Nxc4 24. Rc3 Kb8 25. Rec1 Ba6 26. Qa2 Rxe4 27. fxe4 Qb6+ 28. Kh1 Nxe5 29. Qa5 Qd6 30. b5 Bb7 31. b6 Nc6 32. Rxc6 Bxc6 33. Qa7+ Kc8 34. b7+ 1-0

[Event "HUN-chT2 Asztalos 1112"]
[Site "Hungary"]
[Date "2012.02.19"]
[Round "6.2"]
[White "Kiss, Lajos"]
[Black "Nemeth, Antal"]
[Result "1/2-1/2"]
[WhiteElo "2171"]
[BlackElo "2279"]
[PlyCount "24"]
[EventDate "2011.09.25"]
[EventType "team-tourn"]
[EventRounds "11"]
[EventCountry "HUN"]
[SourceTitle "EXT 2013"]
[Source "ChessBase"]
[SourceDate "2012.11.22"]
[SourceVersion "1"]
[SourceVersionDate "2012.11.22"]
[SourceQuality "1"]
[WhiteTeam "Dombovar"]
[BlackTeam "Baja"]
[WhiteTeamCountry "HUN"]
[BlackTeamCountry "HUN"]

1. d4 Nf6 2. Nc3 d5 3. Bg5 Nbd7 4. Nf3 g6 5. e3 Bg7 6. Bd3 0-0 7. 0-0 c6 8. Qe2 Re8 9. e4 dxe4 10. Nxe4 Nxe4 11. Qxe4 Nf6 12. Qh4 Qb6 1/2-1/2

[Event "HUN-chT2 Asztalos 1112"]
[Site "Hungary"]
[Date "2012.01.29"]
[Round "5.2"]
[White "Kiss, Lajos"]
[Black "Paszler, Jozsef"]
[Result "1-0"]
[WhiteElo "2171"]
[BlackElo "2200"]
[PlyCount "39"]
[EventDate "2011.09.25"]
[EventType "team-tourn"]
[EventRounds "11"]
[EventCountry "HUN"]
[SourceTitle "EXT 2013"]
[Source "ChessBase"]
[SourceDate "2012.11.22"]
[SourceVersion "1"]
[SourceVersionDate "2012.11.22"]
[SourceQuality "1"]
[WhiteTeam "Dombovar"]
[BlackTeam "Decs II"]
[WhiteTeamCountry "HUN"]
[BlackTeamCountry "HUN"]

1. d4 Nf6 2. Bg5 c5 3. d5 e6 4. Nc3 Qb6 5. e4 Be7 6. Nf3 h6 7. Bxf6 Bxf6 8. e5 Bxe5 9. Nxe5 Qxb2 10. Kd2 exd5 11. Nd3 Qb6 12. Qe2+ Kd8 13. Nxd5 Qa5+ 14. c3 Nc6 15. Ne5 Nxe5 16. Qxe5 Re8 17. Qxg7 d6 18. Qf6+ Kd7 19. Qxf7+ Kd8 20. Bb5 1-0

[Event "HUN-chT2 Charousek 1011"]
[Site "Hungary"]
[Date "2011.05.15"]
[Round "11"]
[White "Bodo, Norbert"]
[Black "Kiss, Lajos"]
[Result "1-0"]
[WhiteElo "2418"]
[BlackElo "2178"]
[PlyCount "67"]
[EventDate "2010.09.12"]
[EventType "team-tourn"]
[EventRounds "11"]
[EventCountry "HUN"]
[SourceTitle "EXT 2012"]
[Source "ChessBase"]
[SourceDate "2011.11.24"]
[SourceVersion "1"]
[SourceVersionDate "2011.11.24"]
[SourceQuality "1"]
[WhiteTeam "Aquaprofit II"]
[BlackTeam "Decs II"]
[WhiteTeamCountry "HUN"]
[BlackTeamCountry "HUN"]

1. d4 Nf6 2. Nf3 e6 3. g3 b6 4. Bg2 Bb7 5. 0-0 Be7 6. c4 0-0 7. Nc3 d5 8. Ne5 Ne4 9. Qa4 Qe8 10. Qc2 Nxc3 11. Qxc3 Bd6 12. Bf4 Nd7 13. Nd3 Nf6 14. Rac1 Rc8 15. c5 Bxf4 16. Nxf4 c6 17. Rfe1 Nd7 18. e4 Qd8 19. exd5 exd5 20. Nd3 Qf6 21. Bh3 Rcd8 22. Re3 Nb8 23. Rce1 Bc8 24. Bxc8 Rxc8 25. Re7 b5 26. Rxa7 Rfe8 27. Rxe8+ Rxe8 28. Ne5 Rf8 29. Kg2 Qe6 30. Qf3 f6 31. Nd3 Re8 32. Nf4 Qe4 33. Nh5 Qxf3+ 34. Kxf3 1-0

[Event "HUN-chT2 Charousek 1011"]
[Site "Hungary"]
[Date "2011.04.10"]
[Round "8"]
[White "Kiss, Lajos"]
[Black "Lizak, Peter"]
[Result "0-1"]
[WhiteElo "2178"]
[BlackElo "2377"]
[PlyCount "106"]
[EventDate "2010.09.12"]
[EventType "team-tourn"]
[EventRounds "11"]
[EventCountry "HUN"]
[SourceTitle "EXT 2012"]
[Source "ChessBase"]
[SourceDate "2011.11.24"]
[SourceVersion "1"]
[SourceVersionDate "2011.11.24"]
[SourceQuality "1"]
[WhiteTeam "Decs II"]
[BlackTeam "Paks II"]
[WhiteTeamCountry "HUN"]
[BlackTeamCountry "HUN"]

1. d4 Nf6 2. Bg5 e6 3. Nd2 d5 4. e4 dxe4 5. Nxe4 Be7 6. Bxf6 gxf6 7. Nf3 b6 8. Bd3 Bb7 9. Qe2 Nd7 10. 0-0-0 c6 11. Rhe1 Qc7 12. Kb1 0-0-0 13. c3 Kb8 14. Bc2 h6 15. Ng3 Rhe8 16. Nd2 c5 17. dxc5 Nxc5 18. Nde4 Qe5 19. Nxc5 Qxe2 20. Nxe2 Bxc5 21. f3 Kc7 22. Ng3 f5 23. Ba4 Rg8 24. Rxd8 Rxd8 25. Rd1 Bd6 26. Nf1 h5 27. Bb5 h4 28. h3 Rg8 29. Rd2 a6 30. Bd3 Bf4 31. Re2 b5 32. Kc2 Kb6 33. Nd2 Bd5 34. Nb3 a5 35. Nd4 b4 36. c4 Rc8 37. b3 Bb7 38. Nb5 Rd8 39. Re1 Bc6 40. a4 bxa3 41. Nxa3 Kc5 42. Nb5 Rg8 43. Re2 Kb4 44. Nd4 Bd7 45. Kb2 Kc5 46. Nc2 Rb8 47. Kc3 f6 48. Na3 Be5+ 49. Kc2 a4 50. Nb5 Bxb5 51. cxb5 a3 52. Kb1 Rd8 53. Bc2 a2+ 0-1

[Event "Oberwart op"]
[Site "Oberwart"]
[Date "2010.07.16"]
[Round "7"]
[White "Kiss, Lajos"]
[Black "Haertl, Siegfried"]
[Result "1-0"]
[WhiteElo "2204"]
[BlackElo "2053"]
[PlyCount "101"]
[EventDate "2010.07.10"]
[EventType "swiss"]
[EventRounds "9"]
[EventCountry "AUT"]
[SourceTitle "CBM 137 Extra"]
[Source "ChessBase"]
[SourceDate "2010.09.01"]
[SourceVersion "1"]
[SourceVersionDate "2010.09.01"]
[SourceQuality "1"]

1. d4 d5 2. Nc3 Nf6 3. Bg5 Nbd7 4. Nf3 h6 5. Bh4 e6 6. e3 Be7 7. Bd3 c5 8. 0-0 0-0 9. Re1 b6 10. e4 dxe4 11. Nxe4 Bb7 12. c3 Rc8 13. Qc2 cxd4 14. Nxd4 Nc5 15. Nxc5 Bxc5 16. Nb3 Be7 17. Rad1 Qc7 18. Nd4 Rcd8 19. Qe2 Rfe8 20. Bc2 Qf4 21. Bg3 Qg4 22. Qxg4 Nxg4 23. Ba4 Rf8 24. Bc6 Ba8 25. Bxa8 Rxa8 26. Nc6 Rfe8 27. Rd7 Bf8 28. Nxa7 Nf6 29. Rb7 Red8 30. Nc6 Rd2 31. Rxb6 Ne4 32. b4 Rdxa2 33. h3 Nxc3 34. Rb8 Rxb8 35. Bxb8 Rb2 36. Be5 Rb3 37. Na5 Ra3 38. Nc4 Rb3 39. Na5 Ra3 40. Bxc3 Rxc3 41. Rb1 Rc2 42. Nb7 Rc7 43. Na5 Rc2 44. Kf1 f6 45. Nb7 Rc7 46. Nd8 Re7 47. b5 Re8 48. Nc6 Rc8 49. Ke2 Kf7 50. Ra1 Bc5 51. Rc1 1-0

[Event "HUN-chT2 Asztalos 0910"]
[Site "Hungary"]
[Date "2010.03.21"]
[Round "8"]
[White "Kiss, Lajos"]
[Black "Zsigmond, Karoly"]
[Result "0-1"]
[WhiteElo "2249"]
[BlackElo "2062"]
[PlyCount "66"]
[EventDate "2009.11.08"]
[EventType "team-tourn"]
[EventRounds "11"]
[EventCountry "HUN"]
[SourceTitle "EXT 2011"]
[Source "ChessBase"]
[SourceDate "2010.11.26"]
[SourceVersion "1"]
[SourceVersionDate "2010.11.26"]
[SourceQuality "1"]
[WhiteTeam "Decs II"]
[BlackTeam "Dunaujvaros"]
[WhiteTeamCountry "HUN"]
[BlackTeamCountry "HUN"]

1. d4 d5 2. Nc3 Nf6 3. Bg5 Nbd7 4. Nf3 c6 5. e3 Qa5 6. Qd2 e6 7. Nb1 Qb6 8. c3 Ne4 9. Qc2 Nxg5 10. Nxg5 e5 11. Qf5 Nf6 12. Qxe5+ Be7 13. b3 Qd8 14. Bd3 0-0 15. Qg3 g6 16. Nh3 Ng4 17. 0-0 Bd6 18. f4 Re8 19. Re1 Be7 20. Qf3 f5 21. c4 Bf6 22. Nc3 Qa5 23. Rac1 Rxe3 24. Rxe3 Bxd4 25. Nd1 Qe1+ 26. Qf1 Qxf1+ 27. Kxf1 Nxe3+ 28. Ke2 dxc4 29. Nxe3 cxd3+ 30. Kxd3 Bf6 31. Nc4 Be6 32. Nf2 a5 33. Re1 Bf7 0-1

[Event "HUN-chT 0910"]
[Site "Hungary"]
[Date "2009.12.20"]
[Round "4"]
[White "Kiss, Lajos"]
[Black "Medvegyne Balogh, Emese"]
[Result "1-0"]
[WhiteElo "2213"]
[BlackElo "2055"]
[PlyCount "87"]
[EventDate "2009.11.08"]
[EventType "team-tourn"]
[EventRounds "11"]
[EventCountry "HUN"]
[SourceTitle "EXT 2011"]
[Source "ChessBase"]
[SourceDate "2010.11.26"]
[SourceVersion "1"]
[SourceVersionDate "2010.11.26"]
[SourceQuality "1"]
[WhiteTeam "Decs"]
[BlackTeam "Dunaharaszti"]
[WhiteTeamCountry "HUN"]
[BlackTeamCountry "HUN"]

1. d4 d5 2. Nc3 Nf6 3. Bg5 c6 4. Bxf6 exf6 5. e3 Bf5 6. Bd3 Bxd3 7. Qxd3 g6 8. Nge2 f5 9. Nf4 Nd7 10. Nce2 Qa5+ 11. c3 Nf6 12. 0-0 Bg7 13. b4 Qd8 14. c4 0-0 15. cxd5 Nxd5 16. Nxd5 Qxd5 17. Rfd1 a5 18. Nc3 Qd6 19. b5 c5 20. dxc5 Qxc5 21. Rac1 Qa3 22. Nd5 Qb2 23. Rc2 Qe5 24. Nb6 Rad8 25. Qxd8 Rxd8 26. Rxd8+ Bf8 27. Rxf8+ Kg7 28. Rfc8 Qxb5 29. Na8 Qb1+ 30. Rc1 Qxa2 31. Nc7 Qb3 32. Ne8+ Kh6 33. Nd6 a4 34. R8c7 a3 35. Rxb7 Qd5 36. Nxf7+ Kg7 37. Ra7 Qb3 38. Ng5+ Kh6 39. h4 Kh5 40. Rxh7+ Kg4 41. Kh2 Qb8+ 42. g3 f4 43. f3+ Kf5 44. Rc5+ 1-0

[Event "HUN-chT2 Asztalos 0809"]
[Site "Hungary"]
[Date "2009.01.25"]
[Round "6"]
[White "Kiss, Lajos"]
[Black "Matrahalmi, Tibor"]
[Result "1/2-1/2"]
[WhiteElo "2261"]
[BlackElo "2233"]
[PlyCount "38"]
[EventDate "2008.10.26"]
[EventType "team-tourn"]
[EventRounds "11"]
[EventCountry "HUN"]
[SourceTitle "EXT 2010"]
[Source "ChessBase"]
[SourceDate "2010.11.25"]
[SourceVersion "1"]
[SourceVersionDate "2010.11.25"]
[SourceQuality "1"]
[WhiteTeam "Szekszard/Decs II"]
[BlackTeam "MAV Elore"]
[WhiteTeamCountry "HUN"]
[BlackTeamCountry "HUN"]

1. Nf3 d5 2. g3 Nf6 3. Bg2 c6 4. 0-0 Bg4 5. d3 Nbd7 6. Nbd2 e5 7. e4 Bd6 8. Qe2 0-0 9. h3 Bh5 10. g4 Bg6 11. Nh4 Re8 12. Nf5 Bf8 13. Rd1 Qc7 14. Nf1 dxe4 15. dxe4 Nc5 16. N1g3 Ne6 17. c3 Nf4 18. Qc2 Rad8 19. Be3 b6 1/2-1/2

[Event "HUN-chT U18"]
[Site "Miskolc"]
[Date "2008.10.30"]
[Round "7.1"]
[White "Ignacz, Maria"]
[Black "Kiss, Lajos"]
[Result "1-0"]
[WhiteElo "2227"]
[BlackElo "2261"]
[PlyCount "103"]
[EventDate "2008.10.27"]
[EventType "team-swiss"]
[EventRounds "8"]
[EventCountry "HUN"]
[SourceTitle "EXT 2016"]
[Source "ChessBase"]
[SourceDate "2015.10.08"]
[SourceVersion "1"]
[SourceVersionDate "2015.10.08"]
[SourceQuality "1"]

1. d4 Nf6 2. c4 g6 3. Nf3 Bg7 4. g3 0-0 5. Bg2 d6 6. 0-0 Nbd7 7. Nc3 e5 8. e4 exd4 9. Nxd4 Re8 10. h3 Nc5 11. Re1 a5 12. b3 c6 13. Rb1 Nfd7 14. Be3 Ne5 15. Re2 Qe7 16. f4 Ned7 17. Qd2 Nb6 18. Bf2 Qf8 19. Rbe1 Bd7 20. Kh2 Rad8 21. Nd1 Ra8 22. Qc2 Nc8 23. Nb2 Ne6 24. Nf3 f5 25. e5 dxe5 26. Nxe5 Bxe5 27. Rxe5 Nd6 28. Na4 Nf7 29. R5e2 Ng7 30. Nc5 Rxe2 31. Rxe2 Bc8 32. Bd4 Qd6 33. Qc3 Ne6 34. Nxe6 Bxe6 35. Qe3 Bd7 36. Bb2 Qf8 37. Qd4 Re8 38. Rxe8 Bxe8 39. c5 h5 40. Bc3 Kh7 41. Bxa5 Nh6 42. Bc3 Bf7 43. Qf6 Qg8 44. Qe7 Qe8 45. Qxb7 Qe3 46. Be5 g5 47. Qxc6 h4 48. fxg5 Qxe5 49. Qxh6+ Kg8 50. Qxh4 Qxc5 51. g6 Bxg6 52. Qc4+ 1-0